| 000 | 01257nam a2200373Ia 4500 | ||
|---|---|---|---|
| 001 | dia_41 | ||
| 003 | CHAP | ||
| 005 | 20221206134036.0 | ||
| 008 | 220117s1999 xx 000 0 und d | ||
| 010 | _a170474 | ||
| 020 | _a968-444-344-7 | ||
| 040 | _cCHAP | ||
| 082 | _a515.84 T46 1999 | ||
| 100 |
_aThomas, George B. _9147039 |
||
| 245 |
_aCálculo varias variables / _c George B. Thomas y Ross L. Finney ; colaboración Maurice D. Weir ; traducción José de la Cera Alonso |
||
| 250 | _a9a ed. | ||
| 260 |
_aMéxico : _b Addison Wesley Longman, _c1999 |
||
| 300 | _a4 t. | ||
| 440 |
_aUniversitarios _9147040 |
||
| 500 | _aTítulo original: Calculus and analytic geometry \ La biblioteca solo tiene un tomo | ||
| 503 | _aI. 207341 (ej.1) \ C/e (ej.2) | ||
| 590 | _aQA303 T46 1999 | ||
| 650 |
_aCálculo _923990 |
||
| 650 |
_aCalculus _9146991 |
||
| 650 |
_aGeometría analítica _947654 |
||
| 650 |
_aGeometry, Analytic _9146992 |
||
| 700 |
_aCera Alonso, José de la, tr. _9147041 |
||
| 700 |
_aFinney, Ross L., coaut. _9147042 |
||
| 700 |
_aWeir, Maurice D., colab. _9147043 |
||
| 901 | _a515.84 T46 1999 | ||
| 902 | _aM | ||
| 905 | _a5232271999 mx amn 8222223322spa16 | ||
| 942 |
_cLIBRO _2ddc |
||
| 999 |
_c170474 _d170474 |
||